[Event "zonal 3.5 (w)"]
[Site "Tianjin CHN"]
[Date "2007.05.01"]
[Round "4.9"]
[White "Wu Wenjin"]
[Black "Ju Wenjun"]
[Result "0-1"]
[WhiteElo "2498"]
[BlackElo "2345"]
[EventDate "2007.04.28"]
[PlyCount "60"]

1.b3 Nf6 2.Bb2 d5 3.Nf3 c5 4.e3 Nc6 5.Bb5 Bd7 6.O-O e6 7.Bxc6 Bxc6 8.Ne5 
Rc8 9.f4 Be7 10.d3 O-O 11.Nd2 b5 12.a4 b4 13.Rf3 Bb7 14.Rh3 d4 15.e4 g6 
16.Qe2 Nd7 17.Nec4 Nb6 18.Re1 Nxc4 19.Nxc4 Rc7 20.f5 exf5 21.exf5 Bg5 22.
Rf1 Re8 23.Qg4 h5 24.Qd1 Rce7 25.fxg6 fxg6 26.Rg3 Re2 27.Bc1 h4 28.Rf8+ 
Rxf8 29.Qxe2 hxg3 30.Qe6+ Kg7 0-1

[Event "zonal 3.5 (w)"]
[Site "Tianjin CHN"]
[Date "2007.05.01"]
[Round "4.10"]
[White "Wen Yang"]
[Black "Lou Yiping"]
[Result "1-0"]
[WhiteElo "2475"]
[BlackElo "2268"]
[EventDate "2007.04.28"]
[PlyCount "115"]

1.e4 e6 2.d4 d5 3.Nc3 Nf6 4.Bg5 dxe4 5.Nxe4 Nbd7 6.Nf3 h6 7.Nxf6+ Nxf6 8.
Be3 Nd5 9.Qd2 Bd6 10.O-O-O Qe7 11.Bd3 Bd7 12.Be4 Nf6 13.Bd3 Bc6 14.c4 Bxf3
15.gxf3 c6 16.Rhg1 Nh5 17.d5 cxd5 18.cxd5 e5 19.Kb1 Kf8 20.Qc3 g5 21.h4 
Nf4 22.hxg5 hxg5 23.Rh1 Rxh1 24.Rxh1 Qf6 25.Be4 b6 26.a4 Kg7 27.Qc6 Rd8 
28.Ka2 Qe7 29.Rh7+ Kg8 30.Rh1 Kg7 31.b4 Qd7 32.a5 bxa5 33.bxa5 Qc7 34.Bd2 
Qe7 35.Rb1 Rd7 36.Qa8 Rd8 37.Qc6 Rd7 38.Qc8 f5 39.Bxf5 Rc7 40.Qa8 Qf7 41.
Be4 Qd7 42.Rb3 Qa4+ 43.Kb2 Qd4+ 44.Bc3 Qxf2+ 45.Ka1 Qf1+ 46.Bb1 Qc4 47.Kb2
Qxd5 48.Qe8 Rb7 49.Ba2 Nd3+ 50.Kc2 Rc7 51.Qh5 Be7 52.Kb1 Nf4 53.Qh1 Qd3+ 
54.Kb2 Bf6 55.Bb1 Qe2+ 56.Ka1 Kf7 57.Qh7+ Kf8 58.Bb4+ 1-0

[Event "zonal 3.5 (w)"]
[Site "Tianjin CHN"]
[Date "2007.05.01"]
[Round "4.11"]
[White "Zhou Weiqi"]
[Black "Zhang Xiaowen"]
[Result "1-0"]
[WhiteElo "2469"]
[BlackElo "2203"]
[EventDate "2007.04.28"]
[PlyCount "105"]

1.d4 Nf6 2.c4 g6 3.Nc3 Bg7 4.g3 O-O 5.Bg2 d6 6.Nf3 c6 7.O-O Qa5 8.e4 e5 9.
h3 Nbd7 10.Be3 b5 11.cxb5 cxb5 12.Nd2 b4 13.Qa4 Qxa4 14.Nxa4 Ba6 15.Rfe1 
Bb5 16.b3 Ne8 17.Nf3 Bd3 18.Red1 Bc2 19.Rd2 Bxe4 20.Nxe5 Ndf6 21.f3 Bb7 
22.Nd3 Nd5 23.Bf2 Nec7 24.f4 Rab8 25.Rc1 Ne6 26.Rc4 Nf6 27.d5 Bxd5 28.Bxd5
Nxd5 29.Bxa7 Rb5 30.Bf2 Rfb8 31.Nc1 Rd8 32.Rc6 Kf8 33.Ne2 Ke7 34.Kg2 Kd7 
35.Rc4 Ne7 36.Nc5+ Nxc5 37.Bxc5 d5 38.Bxb4 Nf5 39.Rc5 Ne3+ 40.Kf2 Rxb4 41.
Kxe3 d4+ 42.Nxd4 Re8+ 43.Kf3 Kd6 44.Rc6+ Kd5 45.Nc2+ Kxc6 46.Nxb4+ Kc5 47.
Nd3+ Kd4 48.Ne5+ Kc3 49.Rd7 Bxe5 50.fxe5 Rxe5 51.Rxf7 Rh5 52.Kg4 h6 53.Rf6
1-0

[Event "zonal 3.5 (w)"]
[Site "Tianjin CHN"]
[Date "2007.05.01"]
[Round "4.12"]
[White "Du Shan"]
[Black "An Zhixiao"]
[Result "1-0"]
[WhiteElo "2399"]
[BlackElo "2169"]
[EventDate "2007.04.28"]
[PlyCount "67"]

1.e4 c5 2.c4 Nc6 3.Nc3 Nf6 4.g3 g6 5.Bg2 Bg7 6.Nge2 O-O 7.O-O d6 8.Rb1 Rb8
9.a3 a5 10.d3 Bd7 11.h3 Ne8 12.Be3 Nc7 13.d4 cxd4 14.Nxd4 Ne6 15.Nxe6 Bxe6
16.Nd5 f5 17.Kh2 Ne5 18.c5 dxc5 19.Bxc5 Bxd5 20.Qxd5+ Qxd5 21.exd5 Rfe8 
22.b3 b6 23.Be3 b5 24.f4 Nf7 25.Rfc1 Rbc8 26.Rc6 Nd6 27.Bc5 Bc3 28.Bxd6 
Rxc6 29.dxc6 exd6 30.Rd1 b4 31.a4 Kf7 32.Rxd6 Re7 33.Rd5 Ra7 34.Rc5 1-0

[Event "zonal 3.5 (w)"]
[Site "Tianjin CHN"]
[Date "2007.05.01"]
[Round "4.13"]
[White "Ding Liren"]
[Black "Gu Xiaobing"]
[Result "1-0"]
[WhiteElo "2289"]
[BlackElo "2351"]
[EventDate "2007.04.28"]
[PlyCount "125"]

1.d4 Nf6 2.Nf3 g6 3.c4 Bg7 4.Nc3 O-O 5.Bg5 h6 6.Bh4 d6 7.e3 c5 8.d5 a6 9.
a4 Bf5 10.Nd2 e5 11.Be2 Qe8 12.O-O Nh7 13.a5 h5 14.h3 g5 15.Bg3 h4 16.Bh2 
Nd7 17.e4 Bg6 18.Bh5 f5 19.Bxg6 Qxg6 20.f3 Bh6 21.exf5 Rxf5 22.Nde4 Raf8 
23.Qd3 R5f7 24.Nxc5 Qxd3 25.Nxd3 Nhf6 26.Nf2 Nc5 27.Nfe4 Nfxe4 28.Nxe4 
Nxe4 29.fxe4 g4 30.Rxf7 Rxf7 31.hxg4 Rg7 32.Kf2 Rxg4 33.Kf3 Rg7 34.Rd1 Rc7
35.b3 Kf8 36.Kg4 Rg7+ 37.Kh3 Be3 38.b4 Ke8 39.c5 dxc5 40.Bxe5 Rg5 41.Bf6 
Rg6 42.e5 Bg5 43.bxc5 Bxf6 44.exf6 Rxf6 45.Kxh4 Rf4+ 46.Kg5 Rc4 47.Kf5 
Rxc5 48.Ke6 Rc2 49.g4 Re2+ 50.Kd6 Rg2 51.Kc7 Rxg4 52.Re1+ Kf7 53.d6 Rc4+ 
54.Kxb7 Rd4 55.Kc6 Rc4+ 56.Kd5 Rc2 57.d7 Rd2+ 58.Kc6 Rc2+ 59.Kb7 Rd2 60.
Kc7 Rc2+ 61.Kd8 Rd2 62.Rf1+ Ke6 63.Ke8 1-0

[Event "zonal 3.5 (w)"]
[Site "Tianjin CHN"]
[Date "2007.05.01"]
[Round "4.14"]
[White "Ji Dan"]
[Black "Wang Li"]
[Result "1/2-1/2"]
[WhiteElo "2246"]
[BlackElo "2337"]
[EventDate "2007.04.28"]
[PlyCount "23"]

1.e4 c5 2.Nf3 e6 3.d3 Nc6 4.g3 d6 5.Bg2 Nf6 6.O-O Be7 7.c3 O-O 8.Re1 Qc7 
9.Nbd2 b5 10.Nf1 a5 11.Bf4 Qb6 12.Qd2 1/2-1/2

[Event "zonal 3.5 (w)"]
[Site "Tianjin CHN"]
[Date "2007.05.01"]
[Round "4.15"]
[White "Wei Chenpeng"]
[Black "Li Haoyu"]
[Result "1-0"]
[WhiteElo "2343"]
[BlackElo "2285"]
[EventDate "2007.04.28"]
[PlyCount "83"]

1.e4 e6 2.d4 d5 3.e5 c5 4.c3 Nc6 5.Nf3 Qb6 6.a3 Bd7 7.b4 cxd4 8.cxd4 Rc8 
9.Be3 Nge7 10.Bd3 Nf5 11.O-O Nxe3 12.fxe3 Be7 13.Nbd2 O-O 14.Nb3 Nb8 15.
Qe2 a6 16.Nc5 Bc6 17.Rac1 Nd7 18.Qc2 h6 19.Qd2 Nxc5 20.bxc5 Qd8 21.Rb1 Rb8
22.Rb6 Qc8 23.Rfb1 Bd8 24.R6b2 Bc7 25.Bc2 Qd7 26.g4 f6 27.Qd3 f5 28.gxf5 
exf5 29.Nh4 Bb5 30.Rxb5 axb5 31.Kh1 Bd8 32.Nxf5 Bg5 33.Ne7+ Kf7 34.Ng6 Rg8
35.Rxb5 Qh3 36.Qe2 Rge8 37.Rb3 Kg8 38.e4 Qd7 39.Rf3 b6 40.c6 Qxc6 41.exd5 
Qb7 42.Qd3 1-0

[Event "zonal 3.5 (w)"]
[Site "Tianjin CHN"]
[Date "2007.05.01"]
[Round "4.16"]
[White "Yu Yangyi"]
[Black "Wu Kaiyu"]
[Result "1/2-1/2"]
[WhiteElo "2204"]
[BlackElo "2287"]
[EventDate "2007.04.28"]
[PlyCount "62"]

1.e4 Nf6 2.Nc3 e5 3.Bc4 Nc6 4.d3 Bc5 5.h3 h6 6.Nge2 O-O 7.O-O Na5 8.a4 
Nxc4 9.dxc4 d6 10.Qd3 Be6 11.b3 Nd7 12.Ng3 Bd4 13.Be3 Nc5 14.Qd2 Bxe3 15.
Qxe3 f5 16.exf5 Bxf5 17.Nxf5 Rxf5 18.Rad1 Qh4 19.Nd5 Rf7 20.a5 a6 21.b4 
Ne6 22.c5 Raf8 23.cxd6 cxd6 24.Qb6 Nd4 25.Qxd6 Qg5 26.Ne3 Rxf2 27.Rxf2 
Rxf2 28.Kxf2 Qf4+ 29.Kg1 Ne2+ 30.Kh1 Ng3+ 31.Kg1 Ne2+ 1/2-1/2

[Event "zonal 3.5 (w)"]
[Site "Tianjin CHN"]
[Date "2007.05.01"]
[Round "4.17"]
[White "Wang Jiaquan"]
[Black "Ding Yixin"]
[Result "1/2-1/2"]
[WhiteElo "2276"]
[BlackElo "2278"]
[EventDate "2007.04.28"]
[PlyCount "90"]

1.e4 c5 2.Nf3 d6 3.d4 cxd4 4.Nxd4 Nf6 5.Nc3 a6 6.Be3 e5 7.Nf3 Be7 8.Bc4 
O-O 9.O-O Nc6 10.Bg5 Bg4 11.h3 Bxf3 12.Qxf3 Nd4 13.Qd3 b5 14.Bxf6 Bxf6 15.
Bb3 Bg5 16.Nd5 Kh8 17.c3 Ne6 18.Rad1 Bh6 19.Bc2 Qg5 20.Qe2 g6 21.Qg4 Qd8 
22.Qf3 Rc8 23.a3 a5 24.Bd3 Rb8 25.Bb1 Rb7 26.b4 axb4 27.axb4 Bg5 28.g3 Qc8
29.h4 Bh6 30.Nf6 Rc7 31.Rd3 Bg7 32.Ba2 Nf4 33.Nd5 Nxd3 34.Nxc7 Nxb4 35.
cxb4 Qxc7 36.Rd1 Qa7 37.Bb3 f5 38.Rxd6 fxe4 39.Qe2 Qa3 40.Bc2 Qxb4 41.Rb6 
Qd4 42.Rxb5 Bh6 43.Rb3 Qd5 44.Rb5 Qd4 45.Rb3 Qd5 1/2-1/2

[Event "zonal 3.5 (w)"]
[Site "Tianjin CHN"]
[Date "2007.05.01"]
[Round "4.18"]
[White "Wang Xiaohui"]
[Black "Lin Yi"]
[Result "1/2-1/2"]
[WhiteElo "2190"]
[BlackElo "2226"]
[EventDate "2007.04.28"]
[PlyCount "119"]

1.d4 Nf6 2.c4 g6 3.Nc3 Bg7 4.e4 d6 5.f3 O-O 6.Be3 c6 7.Qd2 a6 8.Rd1 b5 9.
e5 Ne8 10.f4 f6 11.Nf3 Bg4 12.exf6 exf6 13.Be2 bxc4 14.Bxc4+ d5 15.Be2 Nd6
16.O-O Re8 17.Rde1 Ra7 18.Nh4 Bxe2 19.Rxe2 Rae7 20.Qd3 Bf8 21.Rfe1 Qb6 22.
Bf2 Kf7 23.b3 Nd7 24.Qf3 Qb4 25.Qh3 Nb6 26.f5 Rxe2 27.fxg6+ hxg6 28.Nxe2 
Re4 29.Qd3 Nb5 30.Rf1 Qe7 31.Nc1 Bh6 32.Qg3 Bg5 33.Nf3 Bf4 34.Qh3 Kg7 35.
Nd3 Be3 36.Bxe3 Rxe3 37.Nf4 Nxd4 38.Qg4 Nxf3+ 39.Rxf3 Rxf3 40.Qxg6+ Kf8 
41.Qh6+ Ke8 42.Qh5+ Kd7 43.Qxf3 d4 44.Kf2 Kd6 45.Qd3 Qe5 46.Ne2 c5 47.b4 
cxb4 48.Nxd4 Qc5 49.Ke1 Qe5+ 50.Kd1 Qd5 51.Nf5+ Ke5 52.Qxd5+ Nxd5 53.g4 
Kf4 54.h3 Kf3 55.Nh6 Kg3 56.Kc2 Kxh3 57.Kb3 a5 58.Ka4 Nc3+ 59.Kxa5 Nxa2 
60.Ka4 1/2-1/2

[Event "zonal 3.5 (w)"]
[Site "Tianjin CHN"]
[Date "2007.05.01"]
[Round "4.19"]
[White "Tian Bohan"]
[Black "Jia haoxiang"]
[Result "1/2-1/2"]
[WhiteElo "2249"]
[BlackElo "2198"]
[EventDate "2007.04.28"]
[PlyCount "40"]

1.e4 c5 2.Nf3 e6 3.d4 cxd4 4.Nxd4 a6 5.Bd3 Nf6 6.O-O Qc7 7.Qe2 d6 8.c4 Nc6
9.Nxc6 bxc6 10.Nc3 Be7 11.Be3 e5 12.f3 O-O 13.Rac1 Nd7 14.b4 Bb7 15.Rfd1 
Rfe8 16.b5 Nc5 17.bxc6 Qxc6 18.Nd5 Bd8 19.Qb2 a5 20.Bf1 Ba6 1/2-1/2

[Event "zonal 3.5 (w)"]
[Site "Tianjin CHN"]
[Date "2007.05.02"]
[Round "5.2"]
[White "Liang Chong"]
[Black "Bu Xiangzhi"]
[Result "0-1"]
[WhiteElo "2505"]
[BlackElo "2656"]
[EventDate "2007.04.28"]
[PlyCount "106"]

1.d4 Nf6 2.c4 g6 3.Nc3 d5 4.cxd5 Nxd5 5.e4 Nxc3 6.bxc3 Bg7 7.Bc4 c5 8.Ne2 
Nc6 9.Be3 O-O 10.O-O Qc7 11.Rc1 b6 12.Qd2 Bb7 13.Bh6 Rad8 14.Rfd1 Na5 15.
Bd3 e5 16.Bxg7 Kxg7 17.Qe3 Rfe8 18.Ng3 f6 19.h4 Bc8 20.h5 Nb7 21.Bb5 Rf8 
22.Ba6 Nd6 23.Bxc8 Nxc8 24.dxe5 Qxe5 25.f4 Qe7 26.Qf3 Rxd1+ 27.Rxd1 Rd8 
28.Re1 Qe6 29.hxg6 hxg6 30.f5 Qe5 31.fxg6 Ne7 32.Rf1 Kxg6 33.Nh5 Rd6 34.
Qg4+ Qg5 35.Nf4+ Kf7 36.Qh3 Qe5 37.Qh7+ Ke8 38.Nh5 Kd7 39.Qh8 Kc6 40.Nxf6 
Kb5 41.Qf8 Nc6 42.Nd5 Rg6 43.Qf3 Rh6 44.g3 Qg5 45.Nc7+ Ka5 46.c4 b5 47.
Qa3+ Kb6 48.Nd5+ Kb7 49.cxb5 Ne5 50.Nf4 Qg7 51.Rd1 Qh7 52.Rd5 Rh1+ 53.Kf2 
Qh2+ 0-1

[Event "zonal 3.5 (w)"]
[Site "Tianjin CHN"]
[Date "2007.05.02"]
[Round "5.3"]
[White "Wang Yue"]
[Black "Li Chao"]
[Result "1-0"]
[WhiteElo "2656"]
[BlackElo "2525"]
[EventDate "2007.04.28"]
[PlyCount "87"]

1.c4 Nf6 2.Nc3 d5 3.cxd5 Nxd5 4.Nf3 g6 5.Qa4+ Bd7 6.Qh4 Nxc3 7.dxc3 Nc6 8.
Bf4 f6 9.Bh6 e5 10.Bxf8 Kxf8 11.Qh6+ Kf7 12.e4 Be6 13.Nd2 Qf8 14.Qe3 Rd8 
15.Bb5 Qd6 16.Nc4 Qe7 17.Bxc6 Bxc4 18.Bxb7 c5 19.b3 Bxb3 20.axb3 Qxb7 21.
O-O Rhe8 22.Qxc5 Re7 23.Ra3 Rc7 24.Qe3 Qb6 25.Qf3 a5 26.c4 Qb4 27.Rfa1 
Rcd7 28.h4 Rd3 29.Qe2 R8d7 30.Rxa5 Qxb3 31.Rd5 Rd4 32.Qg4 Re7 33.Qc8 Qxc4 
34.Qh8 h5 35.Qh7+ Ke6 36.Rxd4 exd4 37.Qg8+ Rf7 38.Qxg6 d3 39.Qf5+ Kd6 40.
Rd1 Ke7 41.Qf3 Rg7 42.Qxd3 Qxd3 43.Rxd3 Rg4 44.f3 1-0

[Event "zonal 3.5 (w)"]
[Site "Tianjin CHN"]
[Date "2007.05.02"]
[Round "5.5"]
[White "Yu Lie"]
[Black "Wen Yang"]
[Result "1/2-1/2"]
[WhiteElo "2325"]
[BlackElo "2475"]
[EventDate "2007.04.28"]
[PlyCount "60"]

1.d4 d5 2.Nf3 Nf6 3.g3 c6 4.Bg2 Bf5 5.O-O e6 6.Nbd2 Nbd7 7.c4 Bd6 8.b3 O-O
9.Bb2 Rc8 10.Nh4 Bg4 11.h3 Bh5 12.Nhf3 Ne4 13.Nxe4 dxe4 14.Ne5 f5 15.Qe1 
Nxe5 16.dxe5 Bc5 17.Kh2 Qe7 18.f3 exf3 19.Bxf3 Bg6 20.Rd1 f4 21.Bd4 Bb4 
22.Qf2 Bc2 23.Ra1 c5 24.Bb2 Bd2 25.Kh1 Rb8 26.gxf4 Rbd8 27.e3 Rd3 28.Bc1 
Rfd8 29.Be4 Rc3 30.Bf3 Rcd3 1/2-1/2

[Event "zonal 3.5 (w)"]
[Site "Tianjin CHN"]
[Date "2007.05.02"]
[Round "5.6"]
[White "Zhang Ziyang"]
[Black "Zhou Weiqi"]
[Result "0-1"]
[WhiteElo "2323"]
[BlackElo "2469"]
[EventDate "2007.04.28"]
[PlyCount "98"]

1.d4 Nf6 2.Nf3 b5 3.a4 b4 4.c3 e6 5.Qc2 Bb7 6.Nbd2 c5 7.cxb4 cxb4 8.e4 Nc6
9.Bd3 Rc8 10.Qd1 d5 11.e5 Nd7 12.Nb3 Be7 13.a5 O-O 14.O-O Ncb8 15.Qe2 Rc6 
16.a6 Ba8 17.h4 Bxh4 18.Nxh4 Qxh4 19.Bd2 Rb6 20.g3 Qe7 21.Qg4 f5 22.exf6 
Nxf6 23.Qh4 Nc6 24.Rfe1 Ne4 25.Qxe7 Nxe7 26.Bxe4 dxe4 27.Nc5 Rc8 28.Ra4 b3
29.Bf4 Bd5 30.Nd7 Rbc6 31.Nc5 Ng6 32.Rb4 e5 33.Be3 exd4 34.Bxd4 Rxc5 35.
Bxc5 Rxc5 36.Rd1 Kf7 37.Rb8 Ne7 38.Rd8 Ke6 39.Re8 Ra5 40.Rc1 Kd7 41.Rh8 
Bg8 42.Rd1+ Ke6 43.Rd4 Kf7 44.Rd7 Rxa6 45.Rxg8 Kxg8 46.Rxe7 Ra2 47.Rb7 
Rxb2 48.Rxa7 e3 49.Re7 e2 0-1

[Event "zonal 3.5 (w)"]
[Site "Tianjin CHN"]
[Date "2007.05.02"]
[Round "5.7"]
[White "Xiu Deshun"]
[Black "Du Shan"]
[Result "1-0"]
[WhiteElo "2289"]
[BlackElo "2399"]
[EventDate "2007.04.28"]
[PlyCount "37"]

1.d4 Nf6 2.c4 e6 3.Nf3 b6 4.g3 Ba6 5.b3 Bb4+ 6.Bd2 Be7 7.Bg2 c6 8.Bc3 d5 
9.Ne5 Nfd7 10.Nxd7 Qxd7 11.Nd2 O-O 12.e4 Bb7 13.O-O c5 14.exd5 exd5 15.
dxc5 Bxc5 16.cxd5 Bxd5 17.Ne4 Bb7 18.Nf6+ gxf6 19.Bxb7 1-0

[Event "zonal 3.5 (w)"]
[Site "Tianjin CHN"]
[Date "2007.05.02"]
[Round "5.8"]
[White "Ju Wenjun"]
[Black "Ding Liren"]
[Result "1/2-1/2"]
[WhiteElo "2345"]
[BlackElo "2289"]
[EventDate "2007.04.28"]
[PlyCount "87"]

1.d4 Nf6 2.c4 g6 3.Nc3 Bg7 4.e4 O-O 5.Nf3 d6 6.Be2 e5 7.O-O Nc6 8.d5 Ne7 
9.Nd2 a5 10.a3 Nd7 11.Rb1 f5 12.b4 Kh8 13.Qc2 Nf6 14.f3 c6 15.Nb3 axb4 16.
axb4 b5 17.dxc6 bxc4 18.Bxc4 Nxc6 19.b5 Nb4 20.Qe2 fxe4 21.fxe4 Bg4 22.Qb2
d5 23.exd5 e4 24.Nd4 Nd3 25.Bxd3 exd3 26.b6 Nxd5 27.Rxf8+ Qxf8 28.Nxd5 Qc5
29.b7 Rb8 30.Be3 Qxd5 31.Qc3 Qe4 32.Re1 Qxb7 33.Qxd3 Qd5 34.Qd2 Re8 35.Nc2
Qc4 36.Bf2 Rxe1+ 37.Qxe1 Be2 38.Ne3 Qd3 39.Nd5 Be5 40.Bg3 Bd4+ 41.Kh1 Qd1 
42.Qxd1 Bxd1 43.Bf4 Bb3 44.Be3 1/2-1/2

[Event "zonal 3.5 (w)"]
[Site "Tianjin CHN"]
[Date "2007.05.02"]
[Round "5.9"]
[White "Wan Yunguo"]
[Black "Ji Dan"]
[Result "1-0"]
[WhiteElo "2386"]
[BlackElo "2246"]
[EventDate "2007.04.28"]
[PlyCount "89"]

1.e4 c5 2.Nf3 d6 3.d4 cxd4 4.Nxd4 Nf6 5.Nc3 a6 6.g3 Bg4 7.f3 Bd7 8.Be3 Nc6
9.Qd2 e6 10.g4 Be7 11.O-O-O O-O 12.h4 b5 13.Kb1 Rc8 14.h5 Ne5 15.g5 Ne8 
16.Qg2 Qc7 17.Bd3 b4 18.Nce2 a5 19.Nf4 Nc4 20.Bc1 Qa7 21.Qg1 Bd8 22.Bxc4 
Rxc4 23.b3 Rxd4 24.Qxd4 Qxd4 25.Rxd4 e5 26.Rdd1 exf4 27.Bxf4 Be6 28.Rhg1 
Bc7 29.Rge1 g6 30.h6 Bb8 31.Bh2 f6 32.gxf6 Kf7 33.e5 d5 34.f4 Nc7 35.Kb2 
Nb5 36.f5 Bxf5 37.Rxd5 Nc3 38.Rxa5 Rc8 39.Ra8 Ke6 40.a3 bxa3+ 41.Kxa3 Nb5+
42.Ka4 Nc7 43.Ra5 Bxc2 44.Rc5 Bf5 45.Rec1 1-0

[Event "zonal 3.5 (w)"]
[Site "Tianjin CHN"]
[Date "2007.05.02"]
[Round "5.11"]
[White "Li Shilong"]
[Black "Wang Yu"]
[Result "1-0"]
[WhiteElo "2552"]
[BlackElo "2384"]
[EventDate "2007.04.28"]
[PlyCount "65"]

1.Nf3 d5 2.c4 c6 3.e3 Nf6 4.Nc3 a6 5.b3 Bf5 6.Be2 h6 7.O-O e6 8.Bb2 Nbd7 
9.d3 Bh7 10.a3 Be7 11.b4 O-O 12.Qb3 b5 13.c5 Qb8 14.Nb1 a5 15.Nbd2 Re8 16.
Qc3 Bd8 17.e4 e5 18.Qc2 Bc7 19.Rfe1 Nf8 20.Bf1 d4 21.g3 Ne6 22.Nh4 g5 23.
Nf5 Bxf5 24.exf5 Ng7 25.Bg2 Ra6 26.Ne4 Nd5 27.f6 Nh5 28.h4 gxh4 29.Qd2 
Nhxf6 30.Qxh6 Nh7 31.Bh3 Qa8 32.Bf5 Nf8 33.gxh4 1-0

[Event "zonal 3.5 (w)"]
[Site "Tianjin CHN"]
[Date "2007.05.02"]
[Round "5.12"]
[White "Ding Yixin"]
[Black "Zhao Jun"]
[Result "0-1"]
[WhiteElo "2278"]
[BlackElo "2554"]
[EventDate "2007.04.28"]
[PlyCount "86"]

1.e4 c5 2.Nf3 Nc6 3.d4 cxd4 4.Nxd4 Nf6 5.Nc3 e5 6.Ndb5 d6 7.Bg5 a6 8.Na3 
b5 9.Bxf6 gxf6 10.Nd5 f5 11.exf5 Bxf5 12.c3 Bg7 13.Nc2 Be6 14.Nce3 Ne7 15.
a4 O-O 16.g3 f5 17.Bg2 f4 18.Nxe7+ Qxe7 19.Nd5 Qf7 20.gxf4 exf4 21.Bf3 Bh3
22.axb5 Rae8+ 23.Kd2 axb5 24.Ra5 Re5 25.Nb4 Kh8 26.Qa1 d5 27.Rg1 d4 28.
cxd4 Qc4 29.Nc6 Re3 30.Ra3 b4 31.fxe3 bxa3 32.Qxa3 Bh6 33.e4 Qxc6 34.e5 
Qb6 35.Qc3 Rc8 36.Bd5 f3+ 37.Ke1 Bg7 38.Bc4 Be6 39.b3 Bxc4 40.bxc4 Bxe5 
41.Qxf3 Bxd4 42.Rg2 Qb1+ 43.Kd2 Qa2+ 0-1

[Event "zonal 3.5 (w)"]
[Site "Tianjin CHN"]
[Date "2007.05.02"]
[Round "5.13"]
[White "An Zhixiao"]
[Black "Wu Wenjin"]
[Result "0-1"]
[WhiteElo "2169"]
[BlackElo "2498"]
[EventDate "2007.04.28"]
[PlyCount "70"]

1.e4 c6 2.d4 d5 3.exd5 cxd5 4.Bd3 Nc6 5.c3 Nf6 6.Bf4 h6 7.h3 g5 8.Bh2 Bg7 
9.Nd2 a6 10.a4 Be6 11.Nb3 Ne4 12.f3 Nd6 13.Nc5 Bc8 14.Ne2 b6 15.Nb3 Nc4 
16.Qc1 e5 17.O-O O-O 18.Kh1 Re8 19.Bg1 Nd6 20.dxe5 Nxe5 21.Qd1 Nxd3 22.
Qxd3 Bf5 23.Qd1 Nc4 24.Ra2 Qd7 25.Nbd4 Bg6 26.b3 Ne3 27.Bxe3 Rxe3 28.Rd2 
Rae8 29.Nc2 Bxc2 30.Qxc2 Qc7 31.c4 dxc4 32.bxc4 Qe5 33.Nc1 Re1 34.Rd1 Qg3 
35.Nd3 R1e2 0-1

[Event "zonal 3.5 (w)"]
[Site "Tianjin CHN"]
[Date "2007.05.02"]
[Round "5.14"]
[White "Gu Xiaobing"]
[Black "Yu Yangyi"]
[Result "0-1"]
[WhiteElo "2351"]
[BlackElo "2204"]
[EventDate "2007.04.28"]
[PlyCount "88"]

1.e4 c5 2.Nc3 Nc6 3.Bb5 Nd4 4.Bc4 Nf6 5.Nge2 e6 6.O-O a6 7.a4 Qc7 8.d3 Be7
9.Ba2 Nxe2+ 10.Qxe2 d6 11.f4 Nd7 12.f5 Ne5 13.fxe6 Bxe6 14.Nd5 Qd8 15.Nf4 
Bxa2 16.Rxa2 Bg5 17.Ra3 O-O 18.Qh5 h6 19.Nd5 Bxc1 20.Rxc1 b5 21.d4 cxd4 
22.Rg3 Kh8 23.Rf1 Rc8 24.Rf6 Ng6 25.Rgf3 Qe8 26.Nf4 Kh7 27.Nxg6 fxg6 28.
Rxf8 gxh5 29.Rxe8 Rxe8 30.axb5 axb5 31.Rb3 Rxe4 32.Rxb5 Re1+ 33.Kf2 Rc1 
34.Rd5 Rxc2+ 35.Kf3 Rxb2 36.Rxd6 Rd2 37.h4 g5 38.g3 Rd3+ 39.Ke2 Rxg3 40.
Rxd4 Rg4 41.Rd7+ Kg6 42.Rd6+ Kf5 43.Rxh6 Rxh4 44.Kf2 Rf4+ 0-1

[Event "zonal 3.5 (w)"]
[Site "Tianjin CHN"]
[Date "2007.05.02"]
[Round "5.16"]
[White "Zhang Xiaowen"]
[Black "Wu Kaiyu"]
[Result "1/2-1/2"]
[WhiteElo "2203"]
[BlackElo "2287"]
[EventDate "2007.04.28"]
[PlyCount "64"]

1.e4 Nf6 2.e5 Nd5 3.d4 d6 4.c4 Nb6 5.exd6 cxd6 6.Nc3 g6 7.Nf3 Bg7 8.Be2 
O-O 9.O-O Bg4 10.b3 Nc6 11.Be3 d5 12.c5 Nc8 13.Qd2 Bxf3 14.Bxf3 e6 15.Rab1
N8e7 16.b4 e5 17.dxe5 d4 18.Bg5 dxc3 19.Qxd8 Raxd8 20.b5 Rc8 21.bxc6 Nxc6 
22.Rxb7 Nxe5 23.Be4 Rfe8 24.Be3 Nc4 25.Bd5 Nxe3 26.fxe3 Kh8 27.Bb3 f5 28.
Rd1 Red8 29.Rxd8+ Rxd8 30.c6 Rc8 31.Rxa7 Bh6 32.Ra6 Bxe3+ 1/2-1/2

[Event "zonal 3.5 (w)"]
[Site "Tianjin CHN"]
[Date "2007.05.02"]
[Round "5.17"]
[White "Li Haoyu"]
[Black "Wang Xiaohui"]
[Result "1-0"]
[WhiteElo "2285"]
[BlackElo "2190"]
[EventDate "2007.04.28"]
[PlyCount "57"]

1.e4 c5 2.c3 d5 3.exd5 Qxd5 4.d4 Nf6 5.Nf3 Bg4 6.dxc5 Qxc5 7.Be3 Qc7 8.h3 
Bd7 9.Na3 Nc6 10.Nb5 Qb8 11.a4 e6 12.Bc4 a6 13.Nbd4 Bd6 14.O-O O-O 15.Qe2 
Na5 16.Ba2 b6 17.Rfe1 Qb7 18.Bg5 Nd5 19.Qe4 Rae8 20.Rad1 Be7 21.Nxe6 fxe6 
22.Bxe7 Rxe7 23.Bxd5 Qc8 24.Ng5 g6 25.Nxe6 Rff7 26.Re3 b5 27.Qh4 Nc4 28.
Ng5 Nxe3 29.Qxh7+ 1-0

[Event "zonal 3.5 (w)"]
[Site "Tianjin CHN"]
[Date "2007.05.02"]
[Round "5.18"]
[White "Jia Haoxiang"]
[Black "Wang Jiaquan"]
[Result "1-0"]
[WhiteElo "2198"]
[BlackElo "2276"]
[EventDate "2007.04.28"]
[PlyCount "59"]

1.Nf3 Nf6 2.c4 e6 3.Nc3 d5 4.e3 Be7 5.d4 O-O 6.Qc2 Nbd7 7.b3 b6 8.Bd3 Bb7 
9.cxd5 exd5 10.O-O c5 11.Bb2 Rc8 12.Rad1 Re8 13.Qe2 Qc7 14.dxc5 bxc5 15.
Ba6 c4 16.Bxb7 Qxb7 17.Rb1 a5 18.Ba1 Qa8 19.Rfd1 Bb4 20.bxc4 dxc4 21.Rd4 
Qc6 22.Rc1 Nb6 23.Nb1 Ne4 24.Nfd2 Nxd2 25.Nxd2 c3 26.a3 Bxa3 27.Rxc3 Qf6 
28.Rxa3 Rc1+ 29.Nf1 Rxa1 30.Qb5 1-0

[Event "zonal 3.5 (w)"]
[Site "Tianjin CHN"]
[Date "2007.05.02"]
[Round "5.19"]
[White "Lin Yi"]
[Black "Tian Bohan"]
[Result "1-0"]
[WhiteElo "2226"]
[BlackElo "2249"]
[EventDate "2007.04.28"]
[PlyCount "131"]

1.d4 d5 2.Nf3 c6 3.Bf4 Nf6 4.e3 Bf5 5.Be2 e6 6.O-O Bd6 7.Bxd6 Qxd6 8.c4 
O-O 9.Nc3 Nbd7 10.a3 h6 11.b4 dxc4 12.Bxc4 b5 13.Be2 a5 14.Qb3 Nb6 15.Nd2 
Bg6 16.Bf3 axb4 17.Qxb4 Qxb4 18.axb4 Bd3 19.Rfc1 Nfd5 20.Bxd5 cxd5 21.Nb3 
Na4 22.Nxa4 bxa4 23.Nc5 Bb5 24.Ra3 Rfb8 25.f3 Rb6 26.Rb1 Be8 27.Ra2 f6 28.
Kf2 Kf7 29.Ke1 Ke7 30.Kd2 Ra7 31.Kc3 Rb8 32.h4 Bb5 33.Ra3 g6 34.Rba1 Rba8 
35.Kb2 Kd6 36.Kc3 Bc6 37.Rb1 Bb5 38.Re1 Bc6 39.e4 dxe4 40.fxe4 Re8 41.Kc4 
Rb8 42.g4 Bb5+ 43.Kc3 Re8 44.e5+ fxe5 45.Rxe5 Bd7 46.b5 Rb8 47.Ne4+ Ke7 
48.Kb4 Rab7 49.Nc3 Rf8 50.Rxa4 Rf2 51.Ra2 Rf3 52.Rae2 Kf7 53.Ne4 Rb6 54.
Rf2 Rxf2 55.Nxf2 Rb8 56.Nd3 Ke7 57.Rc5 Kd6 58.Ne5 Be8 59.Nc4+ Kd7 60.b6 
Ra8 61.Rc7+ Kd8 62.Ra7 Rb8 63.g5 hxg5 64.hxg5 Bc6 65.Kc5 Bd5 66.Nd6 1-0

[Event "zonal 3.5 (w)"]
[Site "Tianjin CHN"]
[Date "2007.05.03"]
[Round "6.2"]
[White "Wang Hao"]
[Black "Wang Yue"]
[Result "1-0"]
[WhiteElo "2638"]
[BlackElo "2656"]
[EventDate "2007.04.28"]
[PlyCount "79"]

1.e4 c5 2.Nf3 Nc6 3.Nc3 Nf6 4.Bb5 Qc7 5.O-O a6 6.Bxc6 dxc6 7.h3 e5 8.d3 h6
9.a4 a5 10.Nd2 Be6 11.b3 g6 12.Nc4 Nh5 13.Bb2 Bg7 14.Ne2 b5 15.Ne3 O-O 16.
axb5 cxb5 17.c4 Nf4 18.Nc3 Qb7 19.Qc2 Rfd8 20.Ncd5 bxc4 21.bxc4 Rdb8 22.
Nxf4 exf4 23.Bxg7 Kxg7 24.Rfb1 Qe7 25.Rxb8 Rxb8 26.Nd5 Bxd5 27.cxd5 Qf6 
28.Rxa5 f3 29.gxf3 Qxf3 30.Rxc5 Qxh3 31.d6 Ra8 32.Qc3+ Kg8 33.Qf6 Rb8 34.
Rc1 Rb5 35.f3 Rb8 36.Kf2 Ra8 37.Ke3 Rf8 38.Qe7 Qh2 39.d7 Qb2 40.Qxf8+ 1-0

[Event "zonal 3.5 (w)"]
[Site "Tianjin CHN"]
[Date "2007.05.03"]
[Round "6.3"]
[White "Zhou Weiqi"]
[Black "Zhou Jianchao"]
[Result "1/2-1/2"]
[WhiteElo "2469"]
[BlackElo "2572"]
[EventDate "2007.04.28"]
[PlyCount "36"]

1.d4 Nf6 2.Nf3 g6 3.c4 Bg7 4.g3 O-O 5.Bg2 c6 6.Nc3 d5 7.cxd5 cxd5 8.Ne5 e6
9.O-O Nfd7 10.f4 Nc6 11.b3 Qa5 12.Na4 Ncxe5 13.fxe5 b5 14.Bd2 Qd8 15.Nb2 
f6 16.exf6 Nxf6 17.Nd3 Ne4 18.Rxf8+ Qxf8 1/2-1/2

[Event "zonal 3.5 (w)"]
[Site "Tianjin CHN"]
[Date "2007.05.03"]
[Round "6.4"]
[White "Li Chao"]
[Black "Xiu Deshun"]
[Result "0-1"]
[WhiteElo "2525"]
[BlackElo "2289"]
[EventDate "2007.04.28"]
[PlyCount "126"]

1.e4 c5 2.Nf3 d6 3.d4 cxd4 4.Nxd4 Nf6 5.Nc3 a6 6.Bg5 e6 7.f4 Nbd7 8.Qe2 h6
9.Bh4 Qa5 10.O-O-O Be7 11.Qe1 g5 12.fxg5 hxg5 13.Nb3 Qc7 14.Bxg5 b5 15.Bd3
Bb7 16.Kb1 Rg8 17.h4 b4 18.Ne2 Nxe4 19.Bxe7 Kxe7 20.Ned4 Ndf6 21.Rf1 Rxg2 
22.h5 Rh8 23.Ne2 Rxh5 24.Nf4 Re5 25.Qh4 Rg4 26.Qh6 Reg5 27.Bxe4 Bxe4 28.
Qxf6+ Kxf6 29.Nd5+ Kg6 30.Nxc7 Rg2 31.Rd2 Rxd2 32.Nxd2 Bxc2+ 33.Kxc2 Rc5+ 
34.Kb3 Rxc7 35.Kxb4 f5 36.Nc4 d5 37.Ne5+ Kf6 38.Re1 Rb7+ 39.Kc3 d4+ 40.Kc2
Rb5 41.Nc4 e5 42.a4 Rd5 43.b4 e4 44.Kd2 Rd8 45.b5 axb5 46.axb5 Rc8 47.Rc1 
Rc5 48.b6 Rb5 49.Rf1 Ke6 50.Ra1 Rb4 51.Ra6 Kd5 52.Na5 e3+ 53.Ke2 Rb2+ 54.
Kf3 e2 55.Kf2 d3 56.Ra8 Rb1 57.Rd8+ Ke6 58.Re8+ Kd7 59.Rxe2 dxe2 60.Kxe2 
Rxb6 61.Nc4 Rb4 62.Nd2 Ke6 63.Nf3 f4 0-1